000 00687cam a2200229 4500
001 J61435
008 000000n2000 000 0 eng u
035 _a(Sirsi) u106644
041 _aeng
050 _a332.6324
110 _aDTZ Debenham Thorpe
_92895
245 _aOverseas investment in UK commercial property. - February 2000
260 _aLondon
_bDTZ Debenham Thorpe
_c2000
300 _a(6)p. ; 30cm.
350 _a0.00
650 _aPROPERTY-COMMERCIAL PROPERTY
650 _aFOREIGN INVESTMENT
650 _aOVERSEAS INVESTMENT
650 _aPROPERTY INVESTMENT
690 _aPROPERTY-COMMERCIAL PROPERTY-COMMERCIAL PROPERTY FINANCE AND INVESTMENT
942 _n0
999 _c100596
_d100596